| 000 | 00438nam a22001697a 4500 | ||
|---|---|---|---|
| 005 | 20251108164052.0 | ||
| 008 | 250721s1989 xx 000 0 ara d | ||
| 082 | 1 | 4 | _a153.8/تحد |
| 245 | 1 | 0 |
_aتحدي الذات : _bإرادة فاعلة / |
| 264 | 1 |
_aليماسول : _c1989. |
|
| 300 | _a96ص | ||
| 490 | 0 | _aسلسلة أسرتي | |
| 650 | 1 | 7 | _aعلم النفس |
| 650 | 1 | 7 | _aالإرادة |
| 942 |
_2ddc _cBK |
||
| 999 |
_c2812 _d2812 |
||